Biblioteca

Entrevisiones de Bengala. Poemas de Kabir / Rabindranath Tagore ; Zenobia Camprubí de Jiménez, Traductor (Registro nro. 42321)

Detalles MARC
000 -LÍDER
Campo fijo de descripción fija 004610000a22001570004500
020 ## - NÚMERO INTERNACIONAL NORMALIZADO PARA LIBROS
Número Internacional Normalizado del libro 84-7530-340-4
041 0# - CÓDIGO DE IDIOMA
Código de idioma para texto/pista de sonido o título separado
082 04 - NÚMERO DE CLASIFICACIÓN DECIMAL DEWEY
Número de clasificación G 891.436 T1281e
001 - NÚMERO DE CONTROL
Campo de control 13341
100 1# - ASIENTO PRINCIPAL--NOMBRE PERSONAL
Nombre personal Tagore, Rabindranath
245 10 - TÍTULO
Título del Material Entrevisiones de Bengala. Poemas de Kabir / Rabindranath Tagore ; Zenobia Camprubí de Jiménez, Traductor
260 ## - PUBLICACIÓN, DISTRIBUCIÓN, ETC. (PIE DE IMPRENTA)
Lugar de publicación, distribución, etc. Madrid : Orbis
300 ## - DESCRIPCIÓN FÍSICA
Extensión 160 Pag
500 ## - NOTA GENERAL
Nota General Título original : Glimpses of Bengal. Poems of Kabir
942 ## - TIPO DE MATERIAL (KOHA)
Tipo de Item KOHA Libros General
Existencias
Estado de Material Estado de Perdido Estado de Dañado No para Préstamo Colección Tomo Biblioteca de Origen Biblioteca Permanente Fecha de Adquisición Total de Préstamos Signatura Topográfica Código de Barras Última vez visto Ejemplar/Existencia Fecha de Remplazo Tipo de Material
        Colección General   Biblioteca FUSBC Biblioteca FUSBC 03/11/2005   G 891.436 T1281e 11249 12/12/2019 1 26/01/2016 Libros General

Biblioteca FUSBC | Teléfono: (57+4) 349 88 10 Ext. 141| WhatsApp (+57) 3005338115 
E-mail: biblioteca@unisbc.edu.co | Calle 76 87-14 Robledo Palenque, Medellín, Colombia

Con tecnología Koha